| 000 | 00843nam a22002057a 4500 | ||
|---|---|---|---|
| 999 |
_c1045 _d1045 |
||
| 003 | AR-CdUCM | ||
| 008 | 190226b ||||| |||| 00| 0 spa d | ||
| 040 |
_aMUNICIPALIDAD PROVINCIAL DEL CUSCO _cBIBLIOTECA MUNICIPAL DEL CUSCO |
||
| 082 |
_a370.1523 / _bG71 |
||
| 100 |
_aGonzales Mamani, Alfonso _94077 |
||
| 245 | _aTeorías contemporáneas del aprendizaje / | ||
| 260 |
_aCusco : _bAPHA Servicios Gráficos , _c2009. |
||
| 300 |
_a108 páginas ; _c20 cm. |
||
| 505 | _acorrientes pedagógicas -- teorías contemporáneas del aprendizaje -- Corriente pedagógica y constructivismo -- Propuestas educativas en el Perú -- Lo bueno y lo malo en la educación en el Perú.. | ||
| 650 |
_aTeorías educativas. _94078 |
||
| 650 |
_aEducación actual. _94079 |
||
| 650 |
_aAprendizaje. _92143 |
||
| 942 |
_2ddc _cLIBROS |
||
| 945 |
_awfj _d2019-02-26 |
||